[Event "ÕÕÕII Nezhmetdinov Memorial"]
[Site "?"]
[Date "2010.06.07"]
[Round "8.2"]
[White "Kharlov, Andrei"]
[Black "Dimukhametov, Artur"]
[Result "1-0"]
[WhiteElo "2516"]
[BlackElo "2278"]
[PlyCount "95"]
[EventDate "2010.06.01"]
[SourceDate "2010.06.07"]

1. c4 c6 2. d4 d5 3. Nf3 Nf6 4. Qb3 Qb6 5. Nc3 dxc4 6. Qxc4 Bf5 7. g3 Na6 8. a3
Rd8 9. Bg2 e6 10. O-O Ne4 11. e3 Be7 12. Ne5 Nd6 13. Qe2 f6 14. Nf3 Bg4 15. h3
Bxf3 16. Bxf3 O-O 17. b4 Nc7 18. Bb2 a5 19. Na4 Qb5 20. Qxb5 Ndxb5 21. bxa5 Ra8
22. Nb6 Rxa5 23. a4 Ra6 24. Nd7 Rd8 25. axb5 Rxa1 26. Rxa1 Rxd7 27. bxc6 bxc6
28. Ra7 Bd6 29. Bxc6 Re7 30. Rb7 f5 31. Rb8+ Kf7 32. Rb6 Kf8 33. Ba4 Ne8 34.
Bxe8 Bc7 35. Rc6 Kxe8 36. Ba3 Rd7 37. Rxe6+ Kf7 38. Ra6 Bd8 39. Rd6 Ra7 40.
Rxd8 Rxa3 41. Kg2 Ra2 42. g4 f4 43. exf4 Ra3 44. f5 g6 45. Rd7+ Kf6 46. Rxh7
gxf5 47. Rh6+ Kg7 48. Rh5 1-0

[Event "ÕÕÕII Nezhmetdinov Memorial"]
[Site "?"]
[Date "2010.06.07"]
[Round "8.7"]
[White "Skomorokhin, Roman"]
[Black "Sadykov, Ramil"]
[Result "1/2-1/2"]
[WhiteElo "2447"]
[BlackElo "2207"]
[PlyCount "61"]
[EventDate "2010.06.01"]
[SourceDate "2010.06.07"]

1. d4 Nf6 2. c4 c5 3. d5 e6 4. Nc3 exd5 5. cxd5 d6 6. Nf3 g6 7. Bf4 a6 8. a4
Bg7 9. h3 O-O 10. e3 Qe7 11. Be2 Nfd7 12. O-O Ne5 13. Nd2 Nbd7 14. Bh2 f5 15.
Qb3 g5 16. f4 Ng6 17. Nc4 gxf4 18. Rae1 b5 19. axb5 Bxc3 20. bxc3 axb5 21. Qxb5
Ba6 22. Qb1 Bxc4 23. Bxc4 f3 24. Rxf3 Rab8 25. Qc2 Qh4 26. Qe2 Rb2 27. Qxb2
Qxe1+ 28. Bf1 Nde5 29. Bxe5 Nxe5 30. Rf2 Qxe3 31. Qd2 1/2-1/2

[Event "ÕÕÕII Nezhmetdinov Memorial"]
[Site "?"]
[Date "2010.06.07"]
[Round "8.10"]
[White "Bezgodov, Alexei"]
[Black "Husnullin, Ramil"]
[Result "1-0"]
[WhiteElo "2494"]
[BlackElo "2196"]
[PlyCount "63"]
[EventDate "2010.06.01"]
[SourceDate "2010.06.07"]

1. e4 e5 2. Nf3 Nf6 3. Nxe5 d6 4. Nf3 Nxe4 5. d4 d5 6. Bd3 Nc6 7. O-O Be7 8.
Nc3 Nxc3 9. bxc3 Bg4 10. Re1 O-O 11. Bf4 Bd6 12. Bxd6 cxd6 13. Re3 Rc8 14. Rb1
Rc7 15. Rb5 Bxf3 16. Qxf3 Ne7 17. Rb1 f5 18. Rbe1 Rf7 19. Bb5 a6 20. Ba4 f4 21.
Re6 b5 22. Bb3 Rf5 23. a4 bxa4 24. Bxa4 h6 25. Bb3 Kf8 26. Qd3 Qc8 27. Rxd6
Rxc3 28. Qe2 Nc6 29. Bxd5 f3 30. Qe4 Rg5 31. Qf4+ Rf5 32. Rxh6 1-0

[Event "ÕÕÕII Nezhmetdinov Memorial"]
[Site "?"]
[Date "2010.06.07"]
[Round "8.14"]
[White "Sokolov, Sergei"]
[Black "Semenova,  Elena"]
[Result "0-1"]
[WhiteElo "2349"]
[BlackElo "2162"]
[PlyCount "52"]
[EventDate "2010.06.01"]
[SourceDate "2010.06.07"]

1. e4 e5 2. Nf3 Nf6 3. d4 Nxe4 4. Bd3 d5 5. dxe5 Nc5 6. Be2 Be7 7. O-O Nc6 8.
c3 Be6 9. Nbd2 a6 10. Nb3 Nd7 11. Nfd4 Ndxe5 12. f4 Nxd4 13. Nxd4 Nc6 14. Nxe6
fxe6 15. Bh5+ g6 16. f5 Bc5+ 17. Kh1 Qh4 18. fxg6 hxg6 19. Bxg6+ Kd7 20. Rf7+
Ne7 21. Bf4 Bd6 22. Rxe7+ Kxe7 23. Bxd6+ Kxd6 24. Qg1 Qg3 25. Bf7 Rh6 26. b4
Rah8 0-1

[Event "ÕÕÕII Nezhmetdinov Memorial"]
[Site "?"]
[Date "2010.06.07"]
[Round "8.15"]
[White "Bushkov, Alexander V."]
[Black "Ulanov, Sergei"]
[Result "1-0"]
[WhiteElo "2266"]
[BlackElo "2145"]
[PlyCount "39"]
[EventDate "2010.06.01"]
[SourceDate "2010.06.07"]

1. d4 d5 2. Nf3 c6 3. c4 e6 4. Nc3 dxc4 5. a4 Bb4 6. Ne5 b5 7. g3 Qd5 8. Nf3
Nf6 9. Bg2 Bb7 10. O-O Bxc3 11. bxc3 a6 12. Rb1 Qd6 13. Ne5 Qe7 14. Ra1 Qc7 15.
Ba3 Nd5 16. e4 Ne7 17. Qg4 O-O 18. f4 Re8 19. Nxf7 Ng6 20. Nd6 1-0

[Event "ÕÕÕII Nezhmetdinov Memorial"]
[Site "?"]
[Date "2010.06.07"]
[Round "8.18"]
[White "Vasilov,  Artur"]
[Black "Shabalin, Evgeny"]
[Result "1-0"]
[WhiteElo "2165"]
[BlackElo "2233"]
[PlyCount "127"]
[EventDate "2010.06.01"]
[SourceDate "2010.06.07"]

1. d4 Nf6 2. c4 g6 3. Nc3 Bg7 4. Nf3 O-O 5. g3 d6 6. Bg2 Nbd7 7. O-O c6 8. h3
e5 9. e4 exd4 10. Nxd4 a5 11. Be3 Re8 12. Qc2 Nc5 13. Rfe1 Nfd7 14. Rad1 Qb6
15. f4 a4 16. Bf2 Qb4 17. a3 Qa5 18. Nf3 Bf8 19. Nb1 Nb3 20. Nd4 Ndc5 21. Nxb3
Nxb3 22. Nd2 Nxd2 23. Rxd2 Qa6 24. g4 Be6 25. Bf1 b5 26. c5 Bb3 27. Qc3 dxc5
28. Bxc5 Rad8 29. Bxf8 Rxf8 30. Bg2 Qb6+ 31. Kh2 Rxd2 32. Qxd2 Rd8 33. Qc3 Qf2
34. Rf1 Qc2 35. Qxc2 Bxc2 36. Rf2 Bb3 37. Bf1 Rd4 38. e5 Kf8 39. Kg3 Ke7 40.
Kf3 Bd5+ 41. Ke3 Re4+ 42. Kd2 Ke6 43. Bd3 Rd4 44. Kc3 c5 45. Bxb5 Bb3 46. Bd3
h6 47. f5+ Kxe5 48. fxg6 fxg6 49. Bxg6 Rc4+ 50. Kd2 Rd4+ 51. Ke3 Be6 52. Rc2 c4
53. Rd2 Rf4 54. Rf2 Rxf2 55. Kxf2 Kd4 56. Be8 c3 57. bxc3+ Kxc3 58. Bxa4 Kb2
59. Be8 Kxa3 60. Kg3 Kb4 61. Kh4 Bd5 62. Kh5 Bg2 63. h4 Bf3 64. Bd7 1-0

[Event "ÕÕÕII Nezhmetdinov Memorial"]
[Site "?"]
[Date "2010.06.07"]
[Round "8.4"]
[White "Kabanov, Nikolai"]
[Black "Ponfilenok, Vladimir"]
[Result "1/2-1/2"]
[WhiteElo "2517"]
[BlackElo "2451"]
[PlyCount "119"]
[EventDate "2010.06.01"]
[SourceDate "2010.06.07"]

1. b3 d5 2. e3 Nf6 3. Bb2 g6 4. c4 Bg7 5. cxd5 O-O 6. Nf3 Nbd7 7. Qc2 Nxd5 8.
Bxg7 Kxg7 9. Nc3 N7f6 10. Nxd5 Nxd5 11. Bc4 c5 12. O-O Nf6 13. d4 cxd4 14. Nxd4
Qb6 15. Rac1 Bd7 16. Rfd1 Rac8 17. Qb2 Rc5 18. Rd2 Kg8 19. b4 Rh5 20. Nf3 Bb5
21. Bb3 a5 22. Qd4 Qxd4 23. Nxd4 axb4 24. Rc7 Ne4 25. Rdc2 Bd3 26. Rc1 e5 27.
Nf3 Nc3 28. g4 Ne2+ 29. Kg2 Nxc1 30. Rxc1 e4 31. gxh5 exf3+ 32. Kxf3 gxh5 33.
Rc7 b5 34. h4 Kg7 35. e4 h6 36. Bd5 Bc4 37. Bxc4 bxc4 38. Rxc4 Ra8 39. Rxb4
Rxa2 40. Rb5 Kg6 41. Rb6+ Kg7 42. Kg3 Ra1 43. f3 Rg1+ 44. Kh2 Ra1 45. Rb5 Kg6
46. Kg2 Re1 47. Rf5 Ra1 48. Kg3 Rg1+ 49. Kf2 Rh1 50. Rf4 Ra1 51. Rf5 Rh1 52.
Kg3 Rg1+ 53. Kh2 Rd1 54. Rd5 Rb1 55. Kg2 Ra1 56. Rd6+ Kg7 57. e5 Ra5 58. f4 Ra3
59. f5 Ra5 60. f6+ 1/2-1/2

[Event "ÕÕÕII Nezhmetdinov Memorial"]
[Site "?"]
[Date "2010.06.07"]
[Round "8.3"]
[White "Alavkin, Arseny"]
[Black "Shaposhnikov, Evgeny"]
[Result "0-1"]
[WhiteElo "2460"]
[BlackElo "2550"]
[PlyCount "74"]
[EventDate "2010.06.01"]
[SourceDate "2010.06.07"]

1. e4 c5 2. Nf3 e6 3. c3 Nf6 4. e5 Nd5 5. d4 cxd4 6. cxd4 d6 7. a3 Nc6 8. Bd3
dxe5 9. dxe5 g6 10. O-O Bg7 11. Re1 O-O 12. Qe2 Qc7 13. Qe4 b6 14. b4 Bb7 15.
Bb2 a5 16. b5 Nb8 17. Qh4 Qd8 18. Qd4 Nd7 19. Nbd2 f6 20. Qh4 fxe5 21. Qxd8
Rfxd8 22. Be4 Rac8 23. Rac1 Rxc1 24. Rxc1 Nc5 25. Bxe5 Bxe5 26. Nxe5 Nf4 27.
Rxc5 Rxd2 28. h4 bxc5 29. Bxb7 Rd4 30. Bf3 Nd5 31. Nc6 Rd3 32. Bg4 Nb6 33.
Bxe6+ Kg7 34. a4 c4 35. Nxa5 c3 36. Bb3 Rd2 37. Nc6 c2 0-1

[Event "ÕÕÕII Nezhmetdinov Memorial"]
[Site "?"]
[Date "2010.06.07"]
[Round "8.5"]
[White "Shcherbakov, Ruslan"]
[Black "Predke, Alexandr"]
[Result "1/2-1/2"]
[WhiteElo "2516"]
[BlackElo "2417"]
[PlyCount "81"]
[EventDate "2010.06.01"]
[SourceDate "2010.06.07"]

1. e4 e5 2. Nf3 Nc6 3. Bc4 Bc5 4. c3 Nf6 5. d3 O-O 6. b4 Be7 7. O-O d5 8. exd5
Nxd5 9. b5 Na5 10. Bxd5 Qxd5 11. c4 Qe6 12. Re1 f6 13. Bd2 b6 14. Bxa5 bxa5 15.
Nd4 Qd7 16. Nc6 Bb4 17. Nxb4 axb4 18. Qf3 Rb8 19. Nd2 a6 20. bxa6 Bxa6 21. Nb3
Rfd8 22. Nc5 Qd6 23. Qe3 Bc8 24. Rab1 Ra8 25. Rxb4 Rxa2 26. Rb3 Ra5 27. Ne4 Qe7
28. Qf3 Be6 29. h3 Bf7 30. Reb1 Bg6 31. Rb8 Qe8 32. Rxd8 Qxd8 33. Rb3 Qa8 34.
Rb5 Bxe4 35. dxe4 Rxb5 36. cxb5 Qa1+ 37. Kh2 Qb1 38. Qg4 Qxb5 39. Qc8+ Kf7 40.
Qxc7+ Kg6 41. Qc8 1/2-1/2

[Event "ÕÕÕII Nezhmetdinov Memorial"]
[Site "?"]
[Date "2010.06.07"]
[Round "8.9"]
[White "Pridorozhni, Aleksei"]
[Black "Vaseptsov, Maxim"]
[Result "1-0"]
[WhiteElo "2554"]
[BlackElo "2197"]
[PlyCount "133"]
[EventDate "2010.06.01"]
[SourceDate "2010.06.07"]

1. e4 e5 2. f4 exf4 3. Bc4 Nf6 4. Nc3 c6 5. Qf3 d5 6. exd5 Bd6 7. Qe2+ Kf8 8.
Nf3 Bg4 9. Bb3 cxd5 10. Nxd5 Nc6 11. c3 Nxd5 12. Bxd5 Qb6 13. Kd1 Re8 14. Qf1
Qc5 15. Qc4 Qf2 16. Qf1 Qc5 17. Qc4 Qf2 18. Qf1 Qc5 19. Bc4 Ne5 20. Be2 Qd5 21.
Nxe5 Bxe2+ 22. Qxe2 Rxe5 23. Qf3 Qxf3+ 24. gxf3 h5 25. d4 Rg5 26. Bd2 Rg2 27.
Kc2 g5 28. Rag1 Rxg1 29. Rxg1 g4 30. fxg4 hxg4 31. Rxg4 Rxh2 32. Kd3 Rh3+ 33.
Kc4 f3 34. Rg1 Rh2 35. Kd3 Rh3 36. Rf1 Be7 37. Ke4 Rh2 38. Bc1 f2 39. Be3 Bh4
40. Kf3 Rh3+ 41. Ke2 Ke7 42. Bxf2 Bg5 43. Rg1 f6 44. Rg3 Rh1 45. Rg1 Rh3 46. a4
Ke6 47. Rg3 Rh2 48. Rf3 Rh1 49. Kd3 Ra1 50. b3 Rb1 51. b4 Rd1+ 52. Ke4 a6 53.
a5 Kd6 54. Rf5 Rd2 55. d5 Re2+ 56. Kd3 Rd2+ 57. Kc4 Re2 58. Bc5+ Kd7 59. Bd4
Re4 60. Kd3 Rh4 61. Bxf6 Rh3+ 62. Kc4 Be3 63. Bg5 Bxg5 64. Rxg5 Kc7 65. Kd4 Rf3
66. c4 Rf4+ 67. Kc5 1-0

[Event "ÕÕÕII Nezhmetdinov Memorial"]
[Site "?"]
[Date "2010.06.07"]
[Round "8.8"]
[White "Pokudov, Zakhar"]
[Black "Gabdrakhmanov, Rafail"]
[Result "0-1"]
[WhiteElo "1794"]
[BlackElo "2362"]
[PlyCount "116"]
[EventDate "2010.06.01"]
[SourceDate "2010.06.07"]

1. e4 c5 2. Nf3 Nc6 3. d4 cxd4 4. Nxd4 Qc7 5. Be3 e6 6. Nc3 a6 7. g3 Nf6 8. Bg2
Be7 9. O-O O-O 10. h3 d6 11. a4 Bd7 12. f4 Rac8 13. Nb3 b6 14. Qe2 Nb4 15. Qf2
Rb8 16. Rfd1 Bc6 17. Nd4 Ba8 18. g4 d5 19. e5 Ne4 20. Nxe4 dxe4 21. f5 Bc5 22.
f6 Qxe5 23. fxg7 Qxg7 24. c3 Nd3 25. Qh4 Rfe8 26. Rf1 Be7 27. g5 Qg6 28. Kh2
Rbc8 29. Rg1 Rc5 30. Raf1 Kf8 31. Ne2 Bxg5 32. Bxg5 Qxg5 33. Qxg5 Rxg5 34. Rf6
Nxb2 35. Rf4 Nxa4 36. Rgf1 Nc5 37. Rxf7+ Kg8 38. Ng3 Rd8 39. h4 Rg7 40. R7f4
Nd3 41. Rf6 Nc5 42. h5 Re8 43. Kh3 Nd7 44. R6f4 Rf8 45. Kh4 h6 46. Bxe4 Rxg3
47. Kxg3 Bxe4 48. Rg4+ Kh7 49. Rxf8 Nxf8 50. Rxe4 Kg7 51. Rf4 Nd7 52. Rg4+ Kf7
53. Rg6 a5 54. Kf4 Nf8 55. Rg1 Nd7 56. Rg6 b5 57. Rxh6 Nf8 58. Ke5 Kg7 0-1

[Event "ÕÕÕII Nezhmetdinov Memorial"]
[Site "?"]
[Date "2010.06.07"]
[Round "8.11"]
[White "Zenzera, Alexey"]
[Black "Filipenko, Alexander V"]
[Result "1/2-1/2"]
[WhiteElo "2170"]
[BlackElo "2345"]
[PlyCount "37"]
[EventDate "2010.06.01"]
[SourceDate "2010.06.07"]

1. c4 c6 2. e4 d5 3. exd5 cxd5 4. d4 Nf6 5. Nc3 Nc6 6. Bg5 dxc4 7. Bxc4 e6 8.
Nf3 Be7 9. O-O O-O 10. Rc1 a6 11. Bd3 b5 12. Ne4 Nxe4 13. Bxe7 Nxe7 14. Bxe4
Ra7 15. Qc2 g6 16. Qd2 Bb7 17. Bxb7 Rxb7 18. Rfe1 Rd7 19. Qf4 1/2-1/2

[Event "ÕÕÕII Nezhmetdinov Memorial"]
[Site "?"]
[Date "2010.06.07"]
[Round "8.12"]
[White "Khazieva, Elza"]
[Black "Gubaydulin, Talgat"]
[Result "0-1"]
[WhiteElo "1796"]
[BlackElo "2298"]
[PlyCount "100"]
[EventDate "2010.06.01"]
[SourceDate "2010.06.07"]

1. e4 c5 2. c3 Nf6 3. e5 Nd5 4. Nf3 e6 5. d4 cxd4 6. cxd4 b6 7. Nc3 Nxc3 8.
bxc3 Qc7 9. Bd2 d6 10. Bb5+ Bd7 11. Bxd7+ Nxd7 12. Qa4 Be7 13. O-O O-O 14. Rfe1
Rac8 15. Rac1 dxe5 16. Nxe5 Nxe5 17. Rxe5 Rfd8 18. h3 Qc6 19. Qb3 Bf6 20. Rb5
Qc4 21. Bf4 Rc6 22. Rb4 Qd5 23. Qa4 Qd7 24. Rc4 Rxc4 25. Qxc4 b5 26. Qb4 Rc8
27. Qa5 Bd8 28. Qa6 Rc4 29. Rb1 Rxc3 30. Qxb5 Qxb5 31. Rxb5 Bb6 32. d5 exd5 33.
Rxd5 f6 34. Rd2 Kf7 35. Re2 Rd3 36. Be3 Bxe3 37. Rxe3 Rxe3 38. fxe3 Ke6 39. Kf2
Kd5 40. Kf3 Kc4 41. Kf4 Kb4 42. e4 Ka3 43. g4 Kxa2 44. g5 a5 45. gxf6 gxf6 46.
Kf5 a4 47. Kxf6 Kb3 48. e5 a3 49. e6 a2 50. e7 a1=Q+ 0-1

[Event "ÕÕÕII Nezhmetdinov Memorial"]
[Site "?"]
[Date "2010.06.07"]
[Round "8.16"]
[White "Tokarev, Ilya"]
[Black "Bezgodova, Svetlana"]
[Result "1-0"]
[WhiteElo "2257"]
[BlackElo "2112"]
[PlyCount "157"]
[EventDate "2010.06.01"]
[SourceDate "2010.06.07"]

1. c4 c5 2. Nc3 e6 3. Nf3 d5 4. cxd5 exd5 5. d4 Nc6 6. g3 Nf6 7. Bg2 Be7 8.
dxc5 O-O 9. O-O Bxc5 10. a3 Ne4 11. Qxd5 Nxc3 12. Qxc5 Nxe2+ 13. Kh1 Nxc1 14.
Raxc1 Qf6 15. Rc3 Re8 16. Qb5 a6 17. Qb6 h6 18. Rd1 Re7 19. h3 Bf5 20. Kh2 Rae8
21. Rd2 Bc8 22. Nd4 Nxd4 23. Qxf6 gxf6 24. Rxd4 Re2 25. Rf4 Rxb2 26. Rxf6 Kg7
27. Rf4 Be6 28. Rc7 b5 29. Ra7 Rd8 30. Rxa6 Rdd2 31. Kg1 Rb1+ 32. Kh2 Rbb2 33.
Rb6 Ra2 34. Rxb5 Rxa3 35. g4 Raa2 36. Kg3 Ra3+ 37. Kh2 Raa2 38. Kg3 Ra3+ 39.
Bf3 Raa2 40. Be4 Ra3+ 41. f3 Ra1 42. Bb1 Ra3 43. Bf5 Ba2 44. Rb7 Rc3 45. Ra7
Rc1 46. Rfa4 Rg1+ 47. Kf4 Rgg2 48. Be4 Rh2 49. h4 Bb3 50. Rb4 Be6 51. Rb6 Bd7
52. h5 Rd4 53. Raa6 Be6 54. Rxe6 fxe6 55. Rxe6 Rdd2 56. Rg6+ Kh7 57. Rc6+ Kg7
58. Rc7+ Kg8 59. Bh7+ Kf8 60. Bg6 Rh3 61. Rh7 Rd4+ 62. Ke3 Rd6 63. Kf4 Rb6 64.
Rxh6 Rf6+ 65. Kg5 Rfxf3 66. Bf5 Rb3 67. Rh8+ Kg7 68. Rd8 Rb6 69. Rd7+ Kh8 70.
Bg6 Rb8 71. Kh6 Rf3 72. g5 Rf4 73. Bc2 Rc4 74. Bd3 Rc6+ 75. g6 Kg8 76. Be4 Rc5
77. Ra7 Re5 78. Bc2 Rc5 79. Bb3+ 1-0

[Event "ÕÕÕII Nezhmetdinov Memorial"]
[Site "?"]
[Date "2010.06.07"]
[Round "8.17"]
[White "Ospennikov, Dmitry V"]
[Black "Zlachevskiy, Leonid"]
[Result "1/2-1/2"]
[WhiteElo "2243"]
[BlackElo "2111"]
[PlyCount "126"]
[EventDate "2010.06.01"]
[SourceDate "2010.06.07"]

1. e4 e5 2. Nf3 d6 3. d4 Nf6 4. Nc3 Nbd7 5. Be2 Be7 6. O-O O-O 7. h3 c6 8. a4
a5 9. Re1 Qe8 10. Bf1 Bd8 11. b3 Bc7 12. Ba3 Qe7 13. Qd2 Rd8 14. Rad1 Ne8 15.
Qg5 Qxg5 16. Nxg5 exd4 17. Rxd4 Ne5 18. Be2 f5 19. Nf3 Nxf3+ 20. Bxf3 fxe4 21.
Nxe4 d5 22. Ng5 Nf6 23. Re7 Rd7 24. Re2 Bd6 25. Bxd6 Rxd6 26. Bg4 Bxg4 27. hxg4
h6 28. Ne4 Nxe4 29. Rexe4 Kf7 30. Re5 Re6 31. Rf4+ Ke7 32. Rxe6+ Kxe6 33. Kf1
g5 34. Rf3 b5 35. Rh3 Rh8 36. Ke2 Kd6 37. Kd3 Kc5 38. Kc3 d4+ 39. Kd3 bxa4 40.
bxa4 Kb4 41. Kxd4 Rd8+ 42. Ke3 Rd6 43. Rh1 Kc3 44. Ke4 c5 45. Ke5 Rb6 46. Kd5
c4 47. Rh3+ Kxc2 48. Kxc4 Rb4+ 49. Kc5 Rxa4 50. f3 Ra1 51. Rxh6 a4 52. Kb4 a3
53. g3 Rf1 54. Rh2+ Kb1 55. Kxa3 Rxf3+ 56. Kb4 Rxg3 57. Kc4 Rxg4+ 58. Kd3 Kc1
59. Ke2 Rf4 60. Ke3 Kd1 61. Rh1+ Kc2 62. Rg1 Rf5 63. Rg2+ Kc3 1/2-1/2

[Event "ÕÕÕII Nezhmetdinov Memorial"]
[Site "?"]
[Date "2010.06.07"]
[Round "8.20"]
[White "Baraeva, Irina"]
[Black "Kamov, Igor"]
[Result "0-1"]
[WhiteElo "2061"]
[BlackElo "2179"]
[PlyCount "106"]
[EventDate "2010.06.01"]
[SourceDate "2010.06.07"]

1. d4 Nf6 2. c4 c5 3. Nf3 g6 4. Nc3 cxd4 5. Nxd4 Bg7 6. e4 d6 7. Be2 O-O 8. O-O
Nc6 9. Be3 Bd7 10. f3 a5 11. Qd2 Nxd4 12. Bxd4 Bc6 13. Rad1 Nd7 14. Be3 Nc5 15.
Qc2 Qb6 16. b3 Qb4 17. Nd5 Bxd5 18. Rxd5 a4 19. e5 axb3 20. axb3 e6 21. Rxd6
Bxe5 22. Rd2 Bc3 23. Rdd1 Rfd8 24. Bxc5 Qxc5+ 25. Kh1 Bf6 26. Bd3 b6 27. Rb1
Qb4 28. Be4 Ra3 29. Rfd1 Rxd1+ 30. Qxd1 Ra2 31. Qe1 Rd2 32. h3 Qd6 33. Qe3 Rd1+
34. Rxd1 Qxd1+ 35. Qg1 Qxb3 36. Qc1 Bd4 37. Qc2 Qe3 38. Qb1 Qf4 39. Qd1 Be5 40.
Qg1 Qg3 41. Bd3 h5 42. Be2 f5 43. Bd3 g5 44. Bf1 Kf7 45. Be2 Bf4 46. Bd3 g4 47.
Bf1 gxf3 48. gxf3 Qxf3+ 49. Qg2 Qxg2+ 50. Kxg2 h4 51. Kf3 Bd6 52. Bd3 Kf6 53.
Ke3 e5 0-1

[Event "ÕÕÕII Nezhmetdinov Memorial"]
[Site "?"]
[Date "2010.06.07"]
[Round "8.21"]
[White "Mikheev, Stanislav"]
[Black "Baraeva, Marina"]
[Result "1-0"]
[WhiteElo "2310"]
[BlackElo "2102"]
[PlyCount "93"]
[EventDate "2010.06.01"]
[SourceDate "2010.06.07"]

1. d4 d5 2. Nf3 Nf6 3. c4 c6 4. e3 Bg4 5. h3 Bxf3 6. Qxf3 e6 7. Nc3 Nbd7 8. Bd3
Bd6 9. g4 h6 10. h4 Qe7 11. g5 hxg5 12. hxg5 Rxh1+ 13. Qxh1 Ng8 14. Qh7 Qf8 15.
Bd2 Ne7 16. O-O-O O-O-O 17. c5 Bc7 18. f4 Kb8 19. b4 b6 20. Kc2 Qh8 21. Rh1
Qxh7 22. Rxh7 Rg8 23. Ne2 Nf8 24. Rh1 Nfg6 25. Ng3 b5 26. Kd1 Kc8 27. Ke2 Kd7
28. Kf3 Ke8 29. Nh5 Kf8 30. a4 a6 31. axb5 axb5 32. Ra1 Nc8 33. Ra8 Nge7 34. e4
Rh8 35. exd5 cxd5 36. Kg4 g6 37. Nf6 Kg7 38. Bxb5 Nf5 39. Ne8+ Rxe8 40. Bxe8
Nce7 41. b5 Nxd4 42. Bc3 Nef5 43. b6 Ne3+ 44. Kh3 Bxf4 45. Bxd4+ e5 46. Bxe3
Bxe3 47. b7 1-0

[Event "ÕÕÕII Nezhmetdinov Memorial"]
[Site "?"]
[Date "2010.06.07"]
[Round "8.23"]
[White "Kalinin, Nikita"]
[Black "Fedoseev, Vladimir"]
[Result "0-1"]
[WhiteElo "2032"]
[BlackElo "2183"]
[PlyCount "54"]
[EventDate "2010.06.01"]
[SourceDate "2010.06.07"]

1. e4 e5 2. Nf3 d6 3. d4 Nf6 4. Nc3 Nbd7 5. Bc4 Be7 6. Be3 O-O 7. Qd2 c6 8. h3
Qc7 9. a4 b6 10. g4 Bb7 11. g5 Nxe4 12. Nxe4 d5 13. Bxd5 cxd5 14. Nc3 e4 15.
Nb5 Qd8 16. Nh4 a6 17. Na3 g6 18. Ng2 b5 19. b4 bxa4 20. h4 Nb6 21. h5 a5 22.
bxa5 Bxa3 23. axb6 Bb2 24. Ra2 a3 25. Qb4 Ra6 26. Rxb2 axb2 27. Qxb2 Qxb6 0-1

[Event "ÕÕÕII Nezhmetdinov Memorial"]
[Site "?"]
[Date "2010.06.07"]
[Round "8.24"]
[White "Sanzhaev, Darsen"]
[Black "Shkuro, Alexandr"]
[Result "1-0"]
[WhiteElo "2150"]
[BlackElo "2071"]
[PlyCount "57"]
[EventDate "2010.06.01"]
[SourceDate "2010.06.07"]

1. d4 Nf6 2. c4 e6 3. Nc3 Bb4 4. f3 d5 5. e3 O-O 6. a3 Bxc3+ 7. bxc3 b6 8. cxd5
exd5 9. Bd3 Ba6 10. Ne2 Bxd3 11. Qxd3 Re8 12. O-O Nc6 13. Ng3 Na5 14. Ra2 Nb3
15. Re2 Nxc1 16. Rxc1 c5 17. e4 dxe4 18. fxe4 cxd4 19. cxd4 Rc8 20. Rf1 Qc7 21.
e5 Nd5 22. Qf3 Qd7 23. Nf5 Nc3 24. Re3 Qc6 25. Qg3 g6 26. Nh6+ Kh8 27. Nxf7+
Kg7 28. Qh4 Rf8 29. Rxc3 1-0

[Event "ÕÕÕII Nezhmetdinov Memorial"]
[Site "?"]
[Date "2010.06.07"]
[Round "8.26"]
[White "Sadykov, Airat F."]
[Black "Sannikov, Grigory"]
[Result "1/2-1/2"]
[WhiteElo "2112"]
[BlackElo "2059"]
[PlyCount "121"]
[EventDate "2010.06.01"]
[SourceDate "2010.06.07"]

1. d4 d5 2. c4 c6 3. Nf3 Nf6 4. Nc3 dxc4 5. a4 Bf5 6. Ne5 Nbd7 7. Nxc4 e6 8. f3
Nb6 9. Ne5 Nbd7 10. e4 Bg6 11. Nc4 Be7 12. Be2 O-O 13. O-O Nb6 14. Ne5 c5 15.
Be3 cxd4 16. Qxd4 Qxd4 17. Bxd4 Rfd8 18. Be3 Nfd7 19. Nxg6 hxg6 20. a5 Nc8 21.
Rfd1 a6 22. f4 Na7 23. Na4 Nc6 24. Nb6 Nxb6 25. axb6 e5 26. fxe5 Nxe5 27. Kf1
f5 28. Bf4 Bf6 29. exf5 gxf5 30. Rxd8+ Rxd8 31. Ra5 Re8 32. Rc5 Nd7 33. Rc7
Nxb6 34. Rxb7 Na4 35. b3 Nc5 36. Bc4+ Kh7 37. Rb6 Bd4 38. Rc6 a5 39. Bd6 Ne4
40. Bf4 Ra8 41. Be6 Rf8 42. Ke2 Nc5 43. Bc4 Re8+ 44. Kd1 a4 45. Bf7 Rd8 46. Bc7
a3 47. b4 Rf8 48. Bc4 Ne4 49. Kc2 Nc3 50. Be6 Rf6 51. Bd8 Nd5 52. Bxf6 Nxb4+
53. Kb1 Nxc6 54. Bxf5+ g6 55. Bxd4 Nxd4 56. Bd3 Nc6 57. Be4 Nb4 58. h4 Kh6 59.
g4 Kg7 60. Ka1 Kf6 61. Kb1 1/2-1/2

[Event "ÕÕÕII Nezhmetdinov Memorial"]
[Site "?"]
[Date "2010.06.07"]
[Round "8.27"]
[White "Faizrakhmanov, Ramil"]
[Black "Ivanov, Stepan"]
[Result "1-0"]
[WhiteElo "1957"]
[BlackElo "2099"]
[PlyCount "89"]
[EventDate "2010.06.01"]
[SourceDate "2010.06.07"]

1. d4 Nf6 2. c4 g6 3. Nc3 d5 4. cxd5 Nxd5 5. Bd2 Bg7 6. e4 Nxc3 7. Bxc3 O-O 8.
Bc4 c5 9. Ne2 Nc6 10. d5 Ne5 11. Bb3 f5 12. f4 Ng4 13. e5 b5 14. h3 Ne3 15. Qd2
Nxg2+ 16. Kf2 Nh4 17. e6 Bxc3 18. bxc3 Bxe6 19. c4 bxc4 20. Bxc4 Qd6 21. Qe3
Bf7 22. Nc3 a6 23. Qe5 Qxe5 24. fxe5 Rfb8 25. Rab1 Rb4 26. Rxb4 cxb4 27. Na4 f4
28. Nb6 Rb8 29. d6 Bxc4 30. Nxc4 exd6 31. exd6 Rd8 32. Rd1 Nf5 33. d7 Kf7 34.
Na5 Ke6 35. Nb7 Ke7 36. Nxd8 Kxd8 37. Kf3 g5 38. Rd5 Nh4+ 39. Kg4 f3 40. Kg3 h6
41. Ra5 Kxd7 42. Rxa6 Ke7 43. Rb6 Nf5+ 44. Kxf3 h5 45. Rxb4 1-0

[Event "ÕÕÕII Nezhmetdinov Memorial"]
[Site "?"]
[Date "2010.06.07"]
[Round "8.28"]
[White "Ulanov, Alexandr"]
[Black "Safin, Ravgat"]
[Result "1-0"]
[WhiteElo "2364"]
[BlackElo "2000"]
[PlyCount "37"]
[EventDate "2010.06.01"]
[SourceDate "2010.06.07"]

1. d4 Nf6 2. Nf3 g6 3. c4 Bg7 4. g3 d6 5. Bg2 O-O 6. O-O c6 7. Nc3 Bg4 8. h3
Bd7 9. e4 Qc8 10. Kh2 e5 11. dxe5 dxe5 12. Nxe5 Nxe4 13. Nxe4 Bxe5 14. Bh6 Bg7
15. Bxg7 Kxg7 16. Qd4+ f6 17. Rfe1 Be6 18. Rad1 Qd7 19. Nc5 1-0

[Event "ÕÕÕII Nezhmetdinov Memorial"]
[Site "?"]
[Date "2010.06.07"]
[Round "8.30"]
[White "Hamidullin, Aydar"]
[Black "Belova, Olga"]
[Result "1-0"]
[WhiteElo "2188"]
[BlackElo "1930"]
[PlyCount "169"]
[EventDate "2010.06.01"]
[SourceDate "2010.06.07"]

1. e4 c5 2. Nf3 d6 3. Bc4 Nc6 4. c3 Nf6 5. d3 e6 6. O-O Be7 7. Bb3 O-O 8. Re1
a6 9. Nbd2 b5 10. Nf1 Bb7 11. Ng3 Re8 12. d4 Qc7 13. Bf4 e5 14. Bg5 Na5 15. Bc2
Bc8 16. Nh4 h6 17. Bxf6 Bxf6 18. Nhf5 Bxf5 19. Nxf5 Kh7 20. Ne3 cxd4 21. Nd5
Qd8 22. a4 dxc3 23. bxc3 Bg5 24. Qd3 Rb8 25. axb5 axb5 26. Reb1 Nc4 27. Ra7 Kg8
28. g3 Nd2 29. Rxb5 Rxb5 30. Qxb5 Nf3+ 31. Kh1 Qc8 32. Bd1 Nd2 33. f3 Rf8 34.
Kg2 Nc4 35. Qd7 Ne3+ 36. Nxe3 Bxe3 37. Rc7 Qxd7 38. Rxd7 Bc5 39. Bb3 g5 40. Bd5
Kg7 41. h4 Kg6 42. h5+ Kg7 43. g4 Ba3 44. Kf1 Bc5 45. Ke2 Ba3 46. Kd3 Bc5 47.
Kc4 Ba3 48. Kb3 Bc5 49. Ka4 Kf6 50. c4 Kg7 51. Kb5 Ba3 52. Kc6 Rc8+ 53. Kb6 Rf8
54. Kc7 Kf6 55. Kb7 Bc5 56. Rc7 Ba3 57. Kc6 Bc5 58. Kd7 Ba3 59. Bb7 Bb4 60. Rc6
Bc5 61. Bc8 Bb4 62. Ba6 Rb8 63. Kc7 Re8 64. Bc8 Rf8 65. Bf5 Ke7 66. Ra6 Bc5 67.
Ra1 Bd4 68. Ra2 Bc5 69. Bc8 Bd4 70. Ra3 Bc5 71. Rb3 Kf6 72. Kd7 Bd4 73. Bb7 Bc5
74. Bd5 Rg8 75. Bc6 Rf8 76. Rd3 Rb8 77. Rxd6+ Bxd6 78. Kxd6 Rb3 79. c5 Rxf3 80.
Bd5 Ra3 81. c6 Ra6 82. Kd7 Ra7+ 83. c7 Rxc7+ 84. Kxc7 Ke7 85. Kc6 1-0

[Event "ÕÕÕII Nezhmetdinov Memorial"]
[Site "?"]
[Date "2010.06.07"]
[Round "8.31"]
[White "Abdullin, Renat"]
[Black "Volkov, Ilya"]
[Result "1-0"]
[WhiteElo "2135"]
[BlackElo "1919"]
[PlyCount "85"]
[EventDate "2010.06.01"]
[SourceDate "2010.06.07"]

1. e4 c6 2. d4 d5 3. exd5 cxd5 4. Bd3 Nc6 5. c3 Qc7 6. Bg5 g6 7. Nd2 Bf5 8.
Bxf5 gxf5 9. Ngf3 e6 10. O-O Bd6 11. c4 Nge7 12. Re1 Rg8 13. Bxe7 Nxe7 14. Rc1
Qd7 15. Qb3 Rg7 16. cxd5 Nxd5 17. Nc4 b6 18. Nfe5 Bxe5 19. Nxe5 Qb7 20. Qf3 Kf8
21. Rc2 Kg8 22. Rec1 Kh8 23. g3 Rag8 24. a3 a6 25. b4 Qa8 26. Nd3 Qb8 27. Qe2
f4 28. Qe5 fxg3 29. hxg3 Qxe5 30. Nxe5 f6 31. Nf3 f5 32. Rc8 f4 33. Rxg8+ Rxg8
34. Kh2 fxg3+ 35. fxg3 Rf8 36. Ng5 Rf6 37. Rc6 Rh6+ 38. Kg2 Rg6 39. Ne4 Kg7 40.
Kf3 Kf7 41. Nc3 Rf6+ 42. Ke4 Nxc3+ 43. Rxc3 1-0